000 004490000a22001690004500
003 MACL
005 20160112141626.0
008 160112b xxu||||| |||| 00| 0 eng d
040 _aMACL
_cMACL
041 _aEnglish
082 _a923.2/KRI
100 _aKrishnamurti, Y G
_931365
245 _aJawaharlal Nehru
_bThe man and his ideas
260 _bThe Popular Book Depot
_c1945
_aBombay
650 _aBiography
_931367
942 _cBK
_k923.2/KRI
_2ddc
999 _c35986
_d35986